000
00297nam a22001337a 4500
008
170612b xxu||||| |||| 00| 0 eng d
020
_a
9780262581974
041
_a
eng
080
_a
94(7/8)
100
_a
19
101
_a
SHH
245
_a
TERRORISM AND AMERICA
_c
HEYMANN, P.B
942
_2
udc
_c
BK
999
_c
17013
_d
17013